000 01798nam a2200397 c 4500
003 BLK
005 20231031110449.0
008 180408b bul|||||r ||||||| ||bul||
010 _aKNG00059547000
020 _a954-446-938-9
_bиздат.: Егмонт България - ISBN-10
020 _a978-954-446-938-2
_bиздат.: Егмонт България - ISBN-13
040 _aBLK
041 _aBUL
_cBUL
080 _aФотография. Кинематография
_b77
_x.042:598.2/.9(035)
_z77.042:598.2/.9(035)
100 1 _aСимънс, Рулон Е.
_eпърви автор
_9286301
700 1 _aЛитълхейлс, Бейтс
_eсъавт.
_989187
700 _aКондакова, Мария Атанасова
_d1969 -
_gПреводач от английски език
_9286302
139 _aСимънс, Рулон Е. и др.
_bС 37
245 1 0 _aПтиците
_bПракт. ръководство
_cРулон Е. Симънс; съавт. Бейтс Литълхейлс; прев. Мария Атанасова Кондакова.
257 _aUSA
260 София
_bЕгмонт България
_c2006
300 _a140 с.
_bсъс сн.
_c21 см
380 _a7
490 1 _aТайните на фотографията
500 _aИзд. на National geographic. - Съдържа и Полезна информация ; Азб. показалец
650 4 _aФотография - наръчници и ръководства
_9258492
650 4 _aПтици
_9168443
653 _aфотография
653 _aптици
852 _aЦб 227594
856 4 _qpdf
_u
856 4 _qpdf
_u
942 _cKNG
_n0
944 _aCR
_c25.05.2006
_k30560
_lГеновева Генчева
944 _aED
_c28.02.2007
_k
999 _c55579
_d55579